000 01672nam a2200529 i 4500
001 46056
003 KOSZ 005
005 20190830114657.0
008 040630s2004 pl a f |000 0 pol
015 _aPB 2004/13194
020 _a8370857671
035 _a991024158219705066
035 _a(PL-WaBN)b16592165-48omnis_nlop
035 _ab16592165
035 _a(OCoLC)749160627
035 _a(PL)b0000001659216
035 _a(EXLNZ-48OMNIS_NETWORK)9910449568705606
040 _aWA N
_cWA N
_dKOSZ 005/HR
041 0 _apol
046 _k2004
080 _a665.73/.75
080 _a662.6/.7
080 _a621.43
080 _a614.7
080 _a504.5
100 1 _aSitnik, Lech
_eAutor
245 1 0 _aEkopaliwa silnikowe /
_cLech J. Sitnik.
260 _aWrocław :
_bOficyna Wydawnicza Politechniki Wrocławskiej,
_c2004.
300 _a336 s., [1] 1 k. tabl. złoż. :
_bfot., rys., tab., wykr. ;
_c24 cm.
336 _2rdacontent
_aTekst
_btxt
337 _2rdamedia
_aBez urządzenia pośredniczącego
_bn
338 _2rdacarrier
_aWolumin
_bnc
380 _aKsiążki
380 _aPublikacje naukowe
388 _a2001-
504 _aBibliogr. przy rozdz.
650 7 _aBiopaliwa
_2DBN
650 7 _aPaliwa
_2DBN
650 7 _aSilniki spalinowe
_2DBN
650 7 _aWpływ na środowisko
658 _aInżynieria i technika
658 _aOchrona środowiska
710 2 _aOficyna Wydawnicza Politechniki Wrocławskiej
_4pbl
856 _uhttp://koha.tu.koszalin.pl/cgi-bin/koha/opac-detail.pl?biblionumber=46056
_yKatalog online BPK
942 _2UKD
_cKS
999 _c46056
_d46056